| 000 | 01231cam a2200301 a 4500 | ||
|---|---|---|---|
| 001 | 2544340 | ||
| 005 | 20071030123738.0 | ||
| 008 | 940310s1993 nyua b 001 0deng | ||
| 010 | _a 94060331 | ||
| 020 | _a1934389129 | ||
| 020 | _a9781934389126 | ||
| 040 |
_aDLC _cDLC _dDLC |
||
| 050 | 0 | 0 |
_aB2430.F724 _bF55 1994 |
| 082 | 0 | 0 |
_a194 _222 _bFIL |
| 100 | 1 |
_aFillingham, Lydia Alix. _924247 |
|
| 245 | 1 | 0 |
_aFoucault for Beginners / _cLydia Alix Fillingham ; illustrated by Moshe Susser. |
| 260 |
_a[Danbury, CT] : _bFor Beginners, 1993 _c1993. |
||
| 300 |
_a156 p. : _bill. ; _c23 cm. |
||
| 490 |
_924245 _aFor Beginners Documentary Comic Book |
||
| 504 | _aIncludes bibliographical references (p. 152-154) and index. | ||
| 600 | 1 | 0 |
_aFoucault, Michel, _d1926-1984. _924248 |
| 650 |
_924246 _aPhilosophers _xComic books, strips, etc. _zFrance |
||
| 653 |
_bPol _cMay2011 |
||
| 700 | 1 |
_aSusser, Moshe. _924249 |
|
| 942 |
_2ddc _cBB |
||
| 999 |
_c15433 _d15433 |
||